000
00231nam a2200097Ia 4500
008
120527s9999 xx 000 0 und d
100
_a
LUCEY, T.
245
_a
Management accounting.
260
_b
Continuum &pook power.
942
_c
BK
999
_c
24163
_d
24163